Central Library and Information Centre
Sibsagar Girls' College, Sivasagar : Assam

PLANT PATHOLOGY: PETHOGEN AND PLANT DISEASE (Record no. 22633)

MARC details
000 -LEADER
fixed length control field 00492cam a2200193ua 4500
008 - FIXED-LENGTH DATA ELEMENTS--GENERAL INFORMATION
fixed length control field 180320n II |||gr||||Z||||||eng
040 ## - CATALOGING SOURCE
Original cataloging agency MAIN
041 ## - LANGUAGE CODE
-- English
082 ## - DEWEY DECIMAL CLASSIFICATION NUMBER
Classification number 581.2 PAN
100 ## - MAIN ENTRY--PERSONAL NAME
Personal name PANDEY, B. P.,
Relator term AUTHOR.
245 1# - TITLE STATEMENT
Title PLANT PATHOLOGY: PETHOGEN AND PLANT DISEASE
250 ## - EDITION STATEMENT
Edition statement REP ED.
260 ## - PUBLICATION, DISTRIBUTION, ETC.
Place of publication, distribution, etc. NEW DELHI:
Name of publisher, distributor, etc. S. CHAND & CO,
Date of publication, distribution, etc. 2016.
300 ## - PHYSICAL DESCRIPTION
Extent 437:
Dimensions 21+
Accompanying material PB.
500 ## - GENERAL NOTE
General note RUSA MDC GRANT 2014-2017
942 ## - ADDED ENTRY ELEMENTS (KOHA)
Koha item type Books
653 ## - INDEX TERM--UNCONTROLLED
Uncontrolled term Plant Pathology
Holdings
Withdrawn status Lost status Damaged status Not for loan Collection code Home library Current library Shelving location Date acquired Full call number Barcode Date last seen Copy number Price effective from Koha item type Public note
        TBBOT Central Library and Information Centre Sibsagar Girls College Central Library and Information Centre Sibsagar Girls College BOTANY BOOK RACK 01.09.2017 581.2 PAN 35312 27.02.2020 1 27.02.2020 Books V
        TBBOT Central Library and Information Centre Sibsagar Girls College Central Library and Information Centre Sibsagar Girls College BOTANY BOOK RACK 01.09.2017 581.2 PAN 35313 27.02.2020 2 27.02.2020 Books V
        TBBOT Central Library and Information Centre Sibsagar Girls College Central Library and Information Centre Sibsagar Girls College BOTANY BOOK RACK 01.09.2017 581.2 PAN 35314 27.02.2020 3 27.02.2020 Books V
        TBBOT Central Library and Information Centre Sibsagar Girls College Central Library and Information Centre Sibsagar Girls College BOTANY BOOK RACK 01.09.2017 581.2 PAN 35315 27.02.2020 4 27.02.2020 Books V
        TBBOT Central Library and Information Centre Sibsagar Girls College Central Library and Information Centre Sibsagar Girls College BOTANY BOOK RACK 01.09.2017 581.2 PAN 35316 27.02.2020 5 27.02.2020 Books V


Sibsagar Girl's College © 2020. All rights reserved.
Powered by Koha.
Maintained by Abhijit Borpuzari.